Delaware Counties Quiz - Sudden Death - Statistics

General Stats
  • This quiz has been taken 151 times
  • The average score is 4 of 6
Answers on the Grid
Answers color-coded by a green-red scale on the quiz's grid according to % correct below.
***Free #1***
***Free #2***
***Free #3***
Atlantic
Delmarva
Dover
Essex
Kent
New Castle
Newark
Norfolk
Northampton
Somerset
Southampton
Suffolk
Sussex
Wilmington
York
 
Answer Stats
Answer % Correct
***Free #2***
77%
***Free #1***
76%
***Free #3***
75%
Kent
75%
New Castle
73%
Sussex
64%
No matching quizzes found
Score Distribution
Percent of People with Each Score
Percentile by Number Answered
Your Score History
You have not taken this quiz